02169nam a2200349 a 4500003000500000005001700005007000300022008004100025020002200066040002300088050003000111082003100141100002700172240005700199245014400256250001700400264003400417300003500451336002700486337002700513338002800540520100800568650003401576650001101610650002301621650002201644650004101666650001901707700002501726700004001751700002801791CHAP20230413180716.0ta230413s2017 sp a|||gr|||| 001 f spa d a978-84-9838-827-5 amxchpuacCHAPerda10aPR6068.O93 b.H37418 201700a808.8308766 bR69 20172201 aRowling, J. K.eautora1 aHarry Potter and the prisoner of Azkaban.lEspañol10aHarry Potter y el prisionero de Azkaban /cJ. K. Rowling ; traductor Adolfo Muñoz García y Nieves Martín Azofra ; ilustrador Jim Kay  a1a edición aEspaña :bSalamandra,c2017 a326 páginas :bilustraciones 2rdacontentatextobtxt 2rdamediaasin mediobn 2rdacarrieravolumenbnc2 aTras un percance mágico de proporciones gigantescas, Harry Potter huye de la casa de los Dursley y de Little Whinging en el autobús noctámbulo y supone que se enfrentará a duras represalias. Pero el ministro de Magia tiene otros problemas más acuciantes Sirius Black, el infame prisionero y fiel seguidor de Lord Voldemort, se ha fugado de la prisión de Azkaban. Dicen que está buscando a Harry, y el ministro de Magia ha enviado a los dementores de Azkaban, esos seres que absorben el alma con su beso, a vigilar los terrenos del colegio. En su tercer curso en Hogwarts, Harry se ve acosado por rumores terribles y amenazas de muerte, descubre nuevos datos sobre su pasado y se enfrenta cara a cara a uno de los vasallos más fervientes del Señor Tenebroso... La edición ilustrada del tercer libro de la saga escrita por J.K. Rowling, tan esperada, está repleta de momentos mágicos creados mediante pinceles, lápices y pixeles por Jim Kay, ganador de la medalla Kate Greenaway.13aLiteratura inglesa ySiglo XX17aNovela13aMagiaxFicción 13aFantasy fiction 13aEnglish literaturex y20th century13aMagicxFiction aKay, Jimeilustrador1 aMuñoz García, Adolfoetraductor1 aMartín Azofra, Nieves